Les grands romans d'Alexandre Dumas - Statistiques

Statistiques générales
  • Ce quiz a été pris 127 fois
  • Le résultat moyen est 8 sur 20
Statistiques - réponses
Année de parution Titre % Correct
1844/1846 Le {comte} de Monte-Cristo
97%
1844 Les trois {mousquetaires}
96%
1845 La {reine} Margot
87%
1845 {Vingt} ans après
68%
1847/1850 Le {vicomte} de Bragelonne
64%
1846 La {dame} de Monsoreau
50%
1849/1850 Le {collier} de la reine
49%
1845/1846 Le {chevalier} de Maison-Rouge
34%
1846 Joseph {Balsamo}
29%
1852/1855 La {comtesse} de Charny
28%
1867/1868 Les {Blancs} et les Bleus
26%
1856 Les {compagnons} de Jéhu
25%
1842 Le {chevalier} d'Harmental
24%
1851 {Ange} Pitou
18%
1869 Le {chevalier} de Sainte-Hermine
17%
1845 Une {fille} du Régent
15%
1854/1855 Les {Mohicans} de Paris
14%
1847/1848 Les {quarante-cinq}
12%
1863/1865 La San-{Felice}
11%
1855/1859 {Salvator}
4%
Aucun quiz correspondant
Distribution des résultats
% des personnes avec chaque résultat
Percentile par nombre de réponses
Votre historique - résultats
Vous n’avez pas pris ce quiz